[Event "Malaga op 16th"]
[Site "Malaga"]
[Date "2022.10.28"]
[Round "2"]
[White "Garcia Bertram, Samuel"]
[Black "Garcia Albarracin, Jose Antonio"]
[Result "0-1"]
[WhiteElo "1432"]
[BlackElo "1922"]
[PlyCount "54"]
[EventDate "2022.10.27"]
[EventType "swiss"]
[EventRounds "9"]
[EventCountry "ESP"]
[SourceTitle "EXT 2024"]
[Source "ChessBase"]
[SourceDate "2023.10.10"]
[SourceVersion "1"]
[SourceVersionDate "2023.10.10"]
[SourceQuality "1"]

1. e4 e6 2. Nf3 d5 3. exd5 exd5 4. d4 Nf6 5. Nc3 Bg4 6. Be2 Bb4 7. Bd2 0-0 8. 0-0 Nc6 9. Ne5 Bxe2 10. Nxe2 Bxd2 11. Qxd2 Qd6 12. f4 Ne4 13. Qe3 f6 14. Nd3 Rae8 15. Rfe1 Nc3 16. Qd2 Nxe2+ 17. Rxe2 Rxe2 18. Qxe2 Nxd4 19. Qf2 Nc6 20. Re1 g6 21. f5 Ne5 22. Qxa7 b6 23. Nf2 Re8 24. Rc1 Qc5 25. Qa4 Re7 26. Kf1 Qe3 27. Rb1 Nc4 0-1

[Event "Malaga-ch"]
[Site "Malaga"]
[Date "2012.02.05"]
[Round "9"]
[White "Pedraza Fernandez, Miguel Angel"]
[Black "Garcia Albarracin, Jose Antonio"]
[Result "0-1"]
[WhiteElo "1865"]
[BlackElo "1968"]
[PlyCount "64"]
[EventDate "2012.01.14"]
[EventType "swiss"]
[EventRounds "9"]
[EventCountry "ESP"]
[SourceTitle "CBM 146 Extra"]
[Source "ChessBase"]
[SourceDate "2012.02.29"]
[SourceVersion "1"]
[SourceVersionDate "2012.02.29"]
[SourceQuality "1"]

1. e4 c5 2. Nf3 Nc6 3. c3 Nf6 4. e5 Nd5 5. d4 cxd4 6. cxd4 e6 7. Nc3 Nxc3 8. bxc3 d6 9. Bd3 dxe5 10. dxe5 Qa5 11. Bf4 Qxc3+ 12. Kf1 Be7 13. Rc1 Qa5 14. Qb3 0-0 15. h4 Qb4 16. Bxh7+ Kh8 17. Qxb4 Nxb4 18. Bb1 Nd5 19. Bg5 Ba3 20. Rc4 Bd7 21. Rg4 Bb5+ 22. Kg1 Rac8 23. h5 Bc1 24. h6 g6 25. Nd2 Kh7 26. Be4 Be2 27. f3 Ba3 28. Nb3 Bb2 29. Kf2 Bc4 30. Bxd5 exd5 31. Be7 Rfe8 32. Bc5 Bxb3 0-1

[Event "Malaga-ch"]
[Site "Malaga"]
[Date "2012.02.04"]
[Round "8"]
[White "Garcia Albarracin, Jose Antonio"]
[Black "Munoz Pelaez, Manuel"]
[Result "1-0"]
[WhiteElo "1968"]
[BlackElo "1794"]
[PlyCount "65"]
[EventDate "2012.01.14"]
[EventType "swiss"]
[EventRounds "9"]
[EventCountry "ESP"]
[SourceTitle "CBM 146 Extra"]
[Source "ChessBase"]
[SourceDate "2012.02.29"]
[SourceVersion "1"]
[SourceVersionDate "2012.02.29"]
[SourceQuality "1"]

1. d4 d5 2. c4 c6 3. Nf3 Nf6 4. Nc3 e6 5. e3 Bd6 6. Qc2 Nbd7 7. Bd3 0-0 8. 0-0 dxc4 9. Bxc4 Qc7 10. h3 b5 11. Bd3 Bb7 12. Ng5 h6 13. Nge4 Be7 14. Nxb5 Qb6 15. Nxf6+ Nxf6 16. Nc3 Nd5 17. Na4 Qc7 18. a3 Nb6 19. Nc5 Nd7 20. Nxb7 Qxb7 21. Bd2 Rab8 22. b4 Nf6 23. Rab1 Rfc8 24. e4 Bd8 25. Be3 Bb6 26. Qe2 Rd8 27. e5 Nd5 28. Qg4 Kf8 29. Rfc1 Rbc8 30. Qe2 Qd7 31. Ba6 Rc7 32. a4 Kg8 33. a5 1-0

[Event "Malaga-ch"]
[Site "Malaga"]
[Date "2012.01.14"]
[Round "1"]
[White "Perez Tores, Juan Miguel"]
[Black "Garcia Albarracin, Jose Antonio"]
[Result "1/2-1/2"]
[WhiteElo "1753"]
[BlackElo "1968"]
[PlyCount "82"]
[EventDate "2012.01.14"]
[EventType "swiss"]
[EventRounds "9"]
[EventCountry "ESP"]
[SourceTitle "CBM 146 Extra"]
[Source "ChessBase"]
[SourceDate "2012.02.29"]
[SourceVersion "1"]
[SourceVersionDate "2012.02.29"]
[SourceQuality "1"]

1. e4 c5 2. Nf3 Nc6 3. d4 cxd4 4. Nxd4 Nf6 5. Nc3 e5 6. Ndb5 d6 7. Bg5 a6 8. Na3 b5 9. Nd5 Be7 10. Bxf6 Bxf6 11. c3 Ne7 12. Nc2 Nxd5 13. Qxd5 Ra7 14. a4 bxa4 15. Rxa4 0-0 16. Bc4 Qc7 17. 0-0 Bb7 18. Qd3 Qc6 19. Bb5 Qb6 20. Bc4 a5 21. b3 Bg5 22. Rd1 Kh8 23. Qxd6 Qxd6 24. Rxd6 Bxe4 25. Ne3 f5 26. b4 Rd8 27. Rxd8+ Bxd8 28. Bd5 Bd3 29. Nc4 Bc2 30. Ra1 a4 31. Bc6 Bb3 32. Na3 e4 33. Nb5 Rf7 34. Nd4 Ra7 35. h3 Bb6 36. Nxb3 axb3 37. Rxa7 Bxa7 38. Ba4 b2 39. Bc2 e3 40. fxe3 Bxe3+ 41. Kf1 Bd2 1/2-1/2

[Event "Malaga op 13th"]
[Site "Malaga"]
[Date "2010.02.25"]
[Round "7"]
[White "Ramos Guaz, Jose Manuel"]
[Black "Garcia Albarracin, Jose Antonio"]
[Result "1/2-1/2"]
[WhiteElo "1873"]
[BlackElo "2006"]
[PlyCount "29"]
[EventDate "2010.02.20"]
[EventType "swiss"]
[EventRounds "9"]
[EventCountry "ESP"]
[SourceTitle "CBM 135 Extra"]
[Source "ChessBase"]
[SourceDate "2010.05.04"]
[SourceVersion "1"]
[SourceVersionDate "2010.05.04"]
[SourceQuality "1"]

1. d4 d5 2. c4 c6 3. cxd5 cxd5 4. Nc3 Nc6 5. Nf3 Nf6 6. Bf4 a6 7. Qc2 g6 8. Rc1 Bg7 9. e3 0-0 10. a3 Nh5 11. Bg5 Bf5 12. Bd3 Bxd3 13. Qxd3 h6 14. Bh4 Rc8 15. b4 1/2-1/2

[Event "Malaga op 12th"]
[Site "Malaga"]
[Date "2009.07.18"]
[Round "9"]
[White "Gutierrez Jimenez, Juan Manuel"]
[Black "Garcia Albarracin, Jose Antonio"]
[Result "1-0"]
[WhiteElo "2287"]
[BlackElo "2024"]
[PlyCount "79"]
[EventDate "2009.07.11"]
[EventType "swiss"]
[EventRounds "9"]
[EventCountry "ESP"]
[SourceTitle "CBM 131 Extra"]
[Source "ChessBase"]
[SourceDate "2009.09.03"]
[SourceVersion "2"]
[SourceVersionDate "2009.09.16"]
[SourceQuality "1"]

1. e4 d5 2. exd5 Nf6 3. c4 c6 4. dxc6 Nxc6 5. Nc3 Bf5 6. Nf3 e5 7. d3 Bc5 8. Be2 0-0 9. a3 Nd4 10. Nxd4 Bxd4 11. Nb5 Bb6 12. 0-0 Qd7 13. Bg5 Rad8 14. Qb3 Bxd3 15. Bxf6 gxf6 16. Rad1 e4 17. Bxd3 exd3 18. Nc3 Qc6 19. Nd5 Rfe8 20. Rxd3 Re4 21. Rf3 Bd4 22. Rf4 Rde8 23. Rxe4 Rxe4 24. Qd3 Qe6 25. b3 f5 26. g3 h6 27. Kg2 b5 28. Qf3 bxc4 29. bxc4 Be5 30. Rc1 Bb2 31. Rc2 Bg7 32. h3 Qe5 33. Rc3 Re1 34. Re3 Qa1 35. Rxe1 Qxe1 36. Qxf5 Qe2 37. c5 Qb5 38. c6 Qxc6 39. Kh2 Kh8 40. Qxf7 1-0

[Event "Malaga-ch"]
[Site "Malaga"]
[Date "2004.02.01"]
[Round "8.11"]
[White "Garcia Albarracin, Jose Antonio"]
[Black "Ramos Moreno, Francisco Jose"]
[Result "0-1"]
[WhiteElo "2083"]
[BlackElo "2005"]
[PlyCount "68"]
[EventDate "2004.01.10"]
[EventType "swiss"]
[EventRounds "9"]
[EventCountry "ESP"]
[SourceTitle "CBM 098 Extra"]
[Source "ChessBase"]
[SourceDate "2004.03.10"]
[SourceVersion "2"]
[SourceVersionDate "2004.03.10"]
[SourceQuality "1"]

1. Nf3 Nf6 2. c4 b5 3. cxb5 a6 4. bxa6 g6 5. Nc3 Bg7 6. g3 0-0 7. Bg2 Rxa6 8. 0-0 d6 9. d4 Nbd7 10. Re1 c5 11. e3 Bb7 12. Nh4 Bxg2 13. Nxg2 Qa8 14. a4 Ne4 15. Bd2 Ng5 16. d5 Ne5 17. Nh4 Nd3 18. e4 Nh3+ 19. Kg2 Nhxf2 20. Qf3 Qc8 21. Re2 Qh3+ 22. Kg1 f5 23. Rxf2 fxe4 24. Qg2 Nxf2 25. Qxh3 Nxh3+ 26. Kg2 Rf2+ 27. Kxh3 Rxd2 28. Nxe4 Rxb2 29. Re1 Rxa4 30. Ng5 Ra7 31. Ne6 Bf6 32. Rf1 c4 33. Nf3 c3 34. Nfd4 Raa2 0-1

[Event "Malaga-ch fin"]
[Site "Malaga"]
[Date "2002.03.16"]
[Round "2"]
[White "Garcia Albarracin, Jose Antonio"]
[Black "Munoz Moreno, Francisco Javier"]
[Result "0-1"]
[WhiteElo "2100"]
[BlackElo "2283"]
[PlyCount "70"]
[EventDate "2002.03.09"]
[EventType "tourn"]
[EventRounds "9"]
[EventCountry "ESP"]
[SourceTitle "EXT 2003"]
[Source "ChessBase"]
[SourceDate "2002.11.25"]
[SourceVersion "1"]
[SourceVersionDate "2002.11.25"]
[SourceQuality "1"]

1. e4 c5 2. Nf3 d6 3. d4 Nf6 4. Nc3 cxd4 5. Qxd4 Bd7 6. Bg5 Nc6 7. Qd2 e6 8. 0-0-0 Qa5 9. Kb1 0-0-0 10. Bb5 Be7 11. Bxc6 Bxc6 12. Qd4 Rhe8 13. b4 Qb6 14. Qxb6 axb6 15. b5 Nxe4 16. Nxe4 Bxe4 17. Bxe7 Rxe7 18. Nd2 d5 19. f3 Bg6 20. Kb2 Rc7 21. Rc1 d4 22. Rhe1 Rd5 23. a4 Rdc5 24. Ne4 Bxe4 25. Rxe4 Rc4 26. Kb3 Rc3+ 27. Kb2 d3 28. Rd4 Rxc2+ 29. Rxc2 Rxc2+ 30. Kb3 Rxg2 31. Rxd3 Rxh2 32. a5 Rh5 33. Ka4 Rh4+ 34. Ka3 bxa5 35. Rc3+ Kd7 0-1

[Event "Malaga-ch fin"]
[Site "Malaga"]
[Date "2002.03.13"]
[Round "6"]
[White "Garcia Albarracin, Jose Antonio"]
[Black "Claros Egea, Christian"]
[Result "1/2-1/2"]
[WhiteElo "2100"]
[BlackElo "2000"]
[PlyCount "100"]
[EventDate "2002.03.09"]
[EventType "tourn"]
[EventRounds "9"]
[EventCountry "ESP"]
[SourceTitle "EXT 2003"]
[Source "ChessBase"]
[SourceDate "2002.11.25"]
[SourceVersion "1"]
[SourceVersionDate "2002.11.25"]
[SourceQuality "1"]

1. d4 d5 2. c4 c6 3. Nf3 e6 4. Nc3 Nd7 5. cxd5 exd5 6. Bf4 Ngf6 7. e3 Be7 8. Bd3 0-0 9. Qc2 Re8 10. g4 Nf8 11. h3 Bd6 12. Bxd6 Qxd6 13. 0-0-0 Bd7 14. g5 Nh5 15. Ne5 g6 16. Ng4 b5 17. Nh6+ Kg7 18. Be2 Nf6 19. Nxf7 Kxf7 20. gxf6 Qxf6 21. Bd3 Ne6 22. f4 Ng7 23. e4 dxe4 24. Nxe4 Qxf4+ 25. Kb1 Nf5 26. Rhf1 Qc7 27. Bxb5 Kg7 28. Bc4 Re7 29. d5 Ne3 30. Qc3+ Qe5 31. Qxe3 Qxe4+ 32. Qxe4 Rxe4 33. dxc6 Bxc6 34. Rf7+ Kg8 35. Rxa7+ Rxc4 36. Rxa8+ Bxa8 37. Rd8+ Kg7 38. Rxa8 Kf6 39. Rf8+ Ke6 40. Rf3 h5 41. b3 Re4 42. a4 g5 43. Kc2 g4 44. hxg4 hxg4 45. Rf8 Ke7 46. Rf1 g3 47. Kd3 g2 48. Rg1 Rg4 49. a5 Kd7 50. Kc3 Kc6 1/2-1/2

[Event "Malaga-ch Preferente"]
[Site "Malaga"]
[Date "2002.01.27"]
[Round "6"]
[White "Garcia Albarracin, Jose Antonio"]
[Black "Rubio Doblas, Fco Javier"]
[Result "1-0"]
[WhiteElo "2100"]
[BlackElo "2102"]
[PlyCount "109"]
[EventDate "2002.01.12"]
[EventType "swiss"]
[EventRounds "8"]
[EventCountry "ESP"]
[SourceTitle "CBM 086 Extra"]
[Source "ChessBase"]
[SourceDate "2002.03.14"]
[SourceVersion "1"]
[SourceVersionDate "2002.03.14"]
[SourceQuality "1"]

1. d4 d5 2. Nf3 Nf6 3. c4 dxc4 4. Nc3 e6 5. e3 c5 6. Bxc4 a6 7. 0-0 b5 8. Bd3 Bb7 9. dxc5 Bxc5 10. e4 Nbd7 11. a3 0-0 12. b4 Be7 13. Qe2 Rc8 14. Bb2 Qc7 15. Rac1 Qb8 16. h3 Rfe8 17. Rfe1 e5 18. Bb1 Nb6 19. Nd5 Rxc1 20. Rxc1 Nbxd5 21. exd5 e4 22. Nd4 Bxd5 23. Nf5 Bd8 24. Rd1 Qf4 25. Nxg7 Re5 26. g3 Rg5 27. Bc1 Qe5 28. Bxg5 Qxg5 29. Ba2 Bb6 30. Kh2 Bxa2 31. Qxa2 Kxg7 32. Rd6 Bc7 33. Rxa6 Qe5 34. Qe2 h5 35. Rc6 h4 36. Qe3 Kf8 37. Qh6+ Ke7 38. Qxh4 e3 39. fxe3 Qb2+ 40. Kg1 Qb1+ 41. Kf2 Qa2+ 42. Kf1 Qb1+ 43. Ke2 Qa2+ 44. Ke1 Qb1+ 45. Kd2 Be5 46. Qg5 Kd7 47. Rxf6 Qb2+ 48. Kd3 Bxf6 49. Qxb5+ Ke6 50. Qe8+ Be7 51. Qc6+ Bd6 52. Qe8+ Be7 53. Qc8+ Kd6 54. Qc5+ Ke6 55. Qc4+ 1-0

[Event "Malaga-ch Preferente"]
[Site "Malaga"]
[Date "2002.01.26"]
[Round "5"]
[White "Medina Menendez, Eduardo Matias"]
[Black "Garcia Albarracin, Jose Antonio"]
[Result "0-1"]
[WhiteElo "2056"]
[BlackElo "2100"]
[PlyCount "72"]
[EventDate "2002.01.12"]
[EventType "swiss"]
[EventRounds "8"]
[EventCountry "ESP"]
[SourceTitle "CBM 086 Extra"]
[Source "ChessBase"]
[SourceDate "2002.03.14"]
[SourceVersion "1"]
[SourceVersionDate "2002.03.14"]
[SourceQuality "1"]

1. e4 c5 2. Nf3 e6 3. d4 cxd4 4. Nxd4 Nf6 5. Bd3 Nc6 6. Nb3 g6 7. Nc3 Bg7 8. Bg5 a6 9. f4 d6 10. Qe2 Qc7 11. 0-0 0-0 12. Rad1 b5 13. Qf2 Ng4 14. Qh4 Ne3 15. Rf3 Nxd1 16. Nxd1 f6 17. Bh6 Bxh6 18. Qxh6 Qg7 19. Qh4 Bb7 20. Rg3 Rae8 21. Ne3 Nb4 22. f5 g5 23. Qg4 Nxd3 24. cxd3 Bc8 25. Nd4 exf5 26. Nexf5 Bxf5 27. Qxf5 Re5 28. Qf1 Qa7 29. Qf2 Rc8 30. h3 Rf8 31. Rf3 Qc5 32. Nb3 Qxf2+ 33. Rxf2 f5 34. exf5 Rexf5 35. Re2 Rf1+ 36. Kh2 R8f2 0-1

[Event "Malaga-ch Preferente"]
[Site "Malaga"]
[Date "2002.01.19"]
[Round "3"]
[White "Jaime Montalvan, Luis Felipe"]
[Black "Garcia Albarracin, Jose Antonio"]
[Result "1-0"]
[WhiteElo "2248"]
[BlackElo "2100"]
[PlyCount "141"]
[EventDate "2002.01.12"]
[EventType "swiss"]
[EventRounds "8"]
[EventCountry "ESP"]
[SourceTitle "CBM 086 Extra"]
[Source "ChessBase"]
[SourceDate "2002.03.14"]
[SourceVersion "1"]
[SourceVersionDate "2002.03.14"]
[SourceQuality "1"]

1. d4 Nf6 2. c4 e6 3. Nc3 d5 4. Bg5 Be7 5. e3 h6 6. Bh4 b6 7. Nf3 Bb7 8. Rc1 0-0 9. cxd5 exd5 10. Qb3 Nbd7 11. Be2 c5 12. Bxf6 Nxf6 13. dxc5 Bxc5 14. 0-0 Qe7 15. Rcd1 Rfd8 16. Nd4 Rac8 17. Bf3 Ba6 18. Ncb5 Bxd4 19. Rxd4 Rc5 20. Be2 Rdc8 21. Rfd1 Rc1 22. Bf3 Rxd1+ 23. Rxd1 Bxb5 24. Qxb5 Qc5 25. Qxc5 Rxc5 26. g3 Rc2 27. Bxd5 Nxd5 28. Rxd5 Rxb2 29. a4 Ra2 30. Rd4 Kf8 31. g4 Rc2 32. a5 bxa5 33. Rd7 a6 34. Rd5 a4 35. Ra5 Rc4 36. h3 Rc1+ 37. Kg2 Ra1 38. Rxa6 Ke7 39. Kf3 a3 40. h4 Kd7 41. h5 Kc7 42. Ke4 Kb7 43. Ra4 Kb6 44. f4 Kb5 45. Ra7 a2 46. g5 hxg5 47. fxg5 Kb6 48. Ra3 Rg1 49. Rxa2 Rxg5 50. Rf2 Rxh5 51. Rxf7 Rg5 52. Kf4 Rg1 53. Ke5 Kc6 54. e4 Rg2 55. Ke6 g5 56. e5 g4 57. Rd7 g3 58. Rd3 Kc5 59. Kd7 Re2 60. e6 g2 61. Rg3 Rd2+ 62. Ke8 Kd6 63. e7 Re2 64. Rd3+ Kc7 65. Rd1 Rf2 66. Rc1+ Kd6 67. Kd8 Rf1 68. e8Q g1Q 69. Rc6+ Kd5 70. Qd7+ Ke5 71. Re6+ 1-0

[Event "Malaga-ch"]
[Site "Malaga"]
[Date "2001.02.04"]
[Round "8.7"]
[White "Garcia Albarracin, Jose Antonio"]
[Black "Montenegro Garcia, Marcos"]
[Result "1-0"]
[WhiteElo "2093"]
[BlackElo "2022"]
[PlyCount "55"]
[EventDate "2001.01.13"]
[EventType "swiss"]
[EventRounds "8"]
[EventCountry "ESP"]
[SourceTitle "CBM 080 Extra"]
[Source "ChessBase"]
[SourceDate "2001.03.08"]
[SourceVersion "1"]
[SourceVersionDate "2001.03.08"]
[SourceQuality "1"]

1. c4 e5 2. Nc3 Nf6 3. g3 Bc5 4. Bg2 0-0 5. e3 Nc6 6. Nge2 Re8 7. d3 d6 8. 0-0 Bd7 9. a3 a5 10. Na4 Qe7 11. Bd2 Bf5 12. Bc3 Qe6 13. d4 exd4 14. Nxd4 Bxd4 15. Bxd4 Rab8 16. Bxf6 Qxf6 17. Nc3 Ne5 18. Nd5 Qd8 19. e4 Be6 20. Rc1 c6 21. Ne3 Qc7 22. f4 Nd7 23. f5 Qb6 24. Qe2 Bxc4 25. Rxc4 d5 26. Rcc1 d4 27. Nc4 d3+ 28. Qf2 1-0

[Event "Malaga-ch"]
[Site "Malaga"]
[Date "2001.01.21"]
[Round "4.3"]
[White "Nava Baro, Enrique"]
[Black "Garcia Albarracin, Jose Antonio"]
[Result "1/2-1/2"]
[WhiteElo "2201"]
[BlackElo "2093"]
[PlyCount "104"]
[EventDate "2001.01.13"]
[EventType "swiss"]
[EventRounds "8"]
[EventCountry "ESP"]
[SourceTitle "CBM 080 Extra"]
[Source "ChessBase"]
[SourceDate "2001.03.08"]
[SourceVersion "1"]
[SourceVersionDate "2001.03.08"]
[SourceQuality "1"]

1. d4 Nf6 2. c4 e6 3. Nf3 b6 4. a3 Bb7 5. Nc3 g6 6. Qc2 Bxf3 7. gxf3 Nc6 8. e3 Bg7 9. Bg2 0-0 10. f4 a5 11. 0-0 Rb8 12. Bd2 Nh5 13. Nb5 f5 14. Rfd1 Ne7 15. b4 c6 16. Nd6 axb4 17. axb4 Nc8 18. Nxc8 Rxc8 19. Ra7 g5 20. fxg5 f4 21. h4 f3 22. Bh3 Rc7 23. Rda1 Rxa7 24. Rxa7 Ng3 25. d5 Ne2+ 26. Kh1 exd5 27. cxd5 Qb8 28. Rxd7 Qe5 29. Bc1 Nxc1 30. Be6+ Kh8 31. Rf7 Ne2 32. Rxf8+ Bxf8 33. Bf5 Qa1+ 34. Qb1 Qxb1+ 35. Bxb1 Nc3 36. Bf5 Bxb4 37. Bg4 Nxd5 38. Bxf3 Ne7 39. Be2 Nf5 40. h5 Be7 41. Bd3 Nd6 42. f4 b5 43. Kg2 b4 44. Bc2 Nc4 45. Kf3 b3 46. Bd3 b2 47. Ke4 Nd2+ 48. Ke5 b1Q 49. Bxb1 Nxb1 50. Ke6 Bc5 51. Kf7 Bxe3 52. g6 hxg6 1/2-1/2

[Event "ESP-chT"]
[Site "Barcelona"]
[Date "2000.08.11"]
[Round "7"]
[White "Garcia Albarracin, Jose Antonio"]
[Black "Sanchez Silva, Luis Agapito"]
[Result "0-1"]
[WhiteElo "2115"]
[BlackElo "2134"]
[PlyCount "80"]
[EventDate "2000.08.05"]
[EventType "team"]
[EventRounds "9"]
[EventCountry "ESP"]
[SourceTitle "CBM 077 Extra"]
[Source "ChessBase"]
[SourceDate "2000.09.14"]
[SourceVersion "1"]
[SourceVersionDate "2000.09.14"]
[SourceQuality "1"]

1. d4 Nf6 2. c4 b6 3. Nc3 Bb7 4. Nf3 d5 5. e3 e6 6. cxd5 exd5 7. Bd3 Be7 8. Ne5 0-0 9. 0-0 c5 10. f4 Nc6 11. Qf3 cxd4 12. Nxc6 Bxc6 13. exd4 Ne4 14. f5 Bf6 15. Ne2 Re8 16. Bf4 b5 17. Rac1 Qb6 18. Kh1 Rac8 19. Qg4 Kh8 20. Be5 Bxe5 21. Bxe4 Bf6 22. Bf3 Bb7 23. Qf4 b4 24. Rxc8 Rxc8 25. Rc1 Rxc1+ 26. Nxc1 h6 27. Nb3 Qb5 28. Kg1 Ba6 29. h3 Kh7 30. Bh5 Bg5 31. Qf3 Qe8 32. g3 g6 33. fxg6+ fxg6 34. h4 Be3+ 35. Kg2 gxh5 36. Qf5+ Kg7 37. Nc5 Bc8 38. Qxd5 Bc1 39. Qf3 Bg4 40. Qb7+ Qf7 0-1